| 000 | 00689cam a2200229 a 4500 | ||
|---|---|---|---|
| 001 | 000008957 | ||
| 005 | 20200929161441.0 | ||
| 008 | 920321s1990 sp 000 f spa | ||
| 020 | _a8432205818 | ||
| 040 |
_aDO-SdBNP _bspa _cDLC _dBNPHU |
||
| 082 |
_a863.64 _bG724, 1990 |
||
| 100 | 1 |
_aGoytisolo, Juan, _d1931- _923549 |
|
| 245 | 1 | 4 |
_aLas virtudes del pájaro solitario / _cJuan Goytisolo. |
| 260 |
_aBarcelona : _bSeix Barral, _c1990. |
||
| 300 |
_a171 ; _c20 cm. |
||
| 490 | 1 | _aBiblioteca breve | |
| 650 | 4 |
_aNovela española _91123 |
|
| 650 | 4 |
_aLiteratura española _ySIGLO XX _93326 |
|
| 830 | 0 |
_aBiblioteca breve. _913442 |
|
| 910 | _aCatalogación por copia / LC | ||
| 049 | _aBNGR | ||
| 999 |
_c8721 _d8721 |
||